Feminist ethics /

Feminist Ethics provides an overview of feminist contributions to normative ethics, moral psychology and metaethics. It argues that through their criticisms of traditional ethics and proposals for changes, feminists are advancing 'robust agency,' an account of ideal moral and rational agen...

Full description

Bibliographic Details
Main Author: Superson, Anita M. (Author)
Format: Book
Language:English
Published: Cambridge ; New York : Cambridge University Press, [2024].
Series:Cambridge elements. Elements in ethics.
Subjects:

MARC

Tag First Indicator Second Indicator Subfields
LEADER 00000cam a2200000 i 4500
001 in00004792183
003 OCoLC
005 20240712134607.5
008 231223t20242024enk b 000 0 eng d
035 |a (OCoLC)1415842184 
040 |a YDX  |e rda  |c YDX  |d ESR  |d BWK 
020 |a 9781108706322  |q paperback 
020 |a 1108706320  |q paperback 
020 |a 9781009507202  |q hardcover 
020 |a 1009507206  |q hardcover 
050 4 |a BJ1395  |b .S87 2024 
082 0 |a 170.82  |q OCoLC  |2 23/eng/20240417 
100 1 |a Superson, Anita M.,  |e author. 
245 1 0 |a Feminist ethics /  |c Anita M. Superson. 
264 1 |a Cambridge ;  |a New York :  |b Cambridge University Press,  |c [2024]. 
264 4 |c ©2024. 
300 |a 61 pages ;  |c 23 cm. 
336 |a text  |b txt  |2 rdacontent 
337 |a unmediated  |b n  |2 rdamedia 
338 |a volume  |b nc  |2 rdacarrier 
490 1 |a Cambridge elements. Elements in ethics 
504 |a Includes bibliographical references (pages [54]-61). 
520 |a Feminist Ethics provides an overview of feminist contributions to normative ethics, moral psychology and metaethics. It argues that through their criticisms of traditional ethics and proposals for changes, feminists are advancing 'robust agency,' an account of ideal moral and rational agency that promises to give us better responses than those given in traditional ethics to problems in ethics, including how we know our duties, the kind of persons we should strive to become and why we should act morally. 
650 0 |a Feminist ethics. 
650 0 |a Normativity (Ethics) 
650 0 |a Metaethics. 
830 0 |a Cambridge elements.  |p Elements in ethics. 
945 |b 87639 
947 |a A14852491241 
948 |a dmitchel 7/12/24 8.44.16 
980 |b print  |c 40032276375  |f NONFIC/B  |g 565714  |k USD  |m 51.99  |q 1  |s AcqMono Conventional  |t Approval plan  |u Vendor order reference number  |v ZYBP  |y Print approval  |z Physical resource 
999 f f |i 1651ec94-970f-4cea-8b98-6f1a324f6f8c  |s 63011da7-45f1-463b-81e2-88c3aedec6ee  |t 0 
952 f f |p normal  |a Texas A&M University  |b College Station  |c Sterling C. Evans Library  |s Evans stk  |d Evans: Library Stacks  |t 0  |e BJ1395 .S87 2024  |h Library of Congress classification  |i unmediated -- volume  |m A14852491241